Normal view
MARC view
- ISDN-INTEGRATED SERVICES DIGITAL NETWORKS
Entry Topical Term
001 - CONTROL NUMBER
- control field: 74889
003 - CONTROL NUMBER IDENTIFIER
- control field: NUST
005 - DATE AND TIME OF LATEST TRANSACTION
- control field: 20210628205318.0
008 - FIXED-LENGTH DATA ELEMENTS
- fixed length control field: 210628|| aca||aabn | a|a d
040 ## - CATALOGING SOURCE
- Original cataloging agency: NUST
- Transcribing agency: NUST
150 ## - HEADING--TOPICAL TERM
- Topical term or geographic name entry element: ISDN-INTEGRATED SERVICES DIGITAL NETWORKS
670 ## - SOURCE DATA FOUND
- Source citation: Work cat.: (NUST): Goralski, Walter Kessler, G 74888, Isdn the complete guide to isdn architecture,products and implementation, 1996
